[Event "FRA-ch op-D"]
[Site "Caen"]
[Date "2011.08.20"]
[Round "5"]
[White "Cepisul, Karen"]
[Black "Hazarabedian, Guy"]
[Result "0-1"]
[WhiteElo "1370"]
[BlackElo "1454"]
[PlyCount "108"]
[EventDate "2011.08.16"]
[EventType "swiss"]
[EventRounds "9"]
[EventCountry "FRA"]
[SourceTitle "EXT 2012"]
[Source "ChessBase"]
[SourceDate "2011.11.24"]
[SourceVersion "1"]
[SourceVersionDate "2011.11.24"]
[SourceQuality "1"]

1. d4 c6 2. c4 e6 3. Nc3 d5 4. a3 Nf6 5. Nf3 Be7 6. Bg5 0-0 7. e3 Nbd7 8. Bd3 dxc4 9. Bxc4 Nd5 10. Bxe7 Qxe7 11. Nxd5 cxd5 12. Bb3 b6 13. 0-0 Bb7 14. Qd3 Rfc8 15. Bc2 Nf8 16. Rfe1 Rc7 17. Re2 Rac8 18. Rae1 Ba6 19. Qxa6 Rxc2 20. Rxc2 Rxc2 21. Qd3 Qc7 22. h3 Rxb2 23. Re2 Rxe2 24. Qxe2 Qc1+ 25. Kh2 Qxa3 26. e4 dxe4 27. Qxe4 Qd6+ 28. Kh1 Qd5 29. Qf4 Qb7 30. h4 Ng6 31. Qg4 Qc7 32. h5 Qf4 33. Qh3 Qc1+ 34. Kh2 Ne7 35. Qg3 Qc8 36. h6 Nf5 37. Qf4 Nxh6 38. g4 f6 39. g5 fxg5 40. Nxg5 Qf8 41. Qe4 Qxf2+ 42. Kh3 Qf5+ 43. Qxf5 exf5 44. d5 Nf7 45. Nf3 Nd6 46. Kg3 h6 47. Kf4 Kf7 48. Ke5 Ke7 49. Nd4 Kd7 50. Nc6 a5 51. Nb8+ Kc8 52. Kxd6 Kxb8 53. Kc6 Kc8 54. Kxb6 a4 0-1

[Event "Calvi Balagne op 03rd"]
[Site "Calvi"]
[Date "2006.02.21"]
[Round "3"]
[White "Hazarabedian, Guy"]
[Black "Bernardin, Marc"]
[Result "0-1"]
[WhiteElo "1580"]
[BlackElo "1720"]
[PlyCount "86"]
[EventDate "2006.02.19"]
[EventType "swiss"]
[EventRounds "9"]
[EventCountry "FRA"]
[SourceTitle "CBM 110 Extra"]
[Source "ChessBase"]
[SourceDate "2006.03.10"]
[SourceVersion "2"]
[SourceVersionDate "2006.03.10"]
[SourceQuality "1"]

1. d4 Nf6 2. c4 g6 3. Nc3 d5 4. cxd5 Nxd5 5. e4 Nxc3 6. bxc3 Bg7 7. Bd2 c5 8. Bb5+ Bd7 9. Bxd7+ Nxd7 10. Ne2 0-0 11. 0-0 cxd4 12. cxd4 Nb6 13. Be3 Nc4 14. Qb3 Nxe3 15. fxe3 b6 16. Rad1 Rc8 17. Rf3 Qd7 18. Ng3 Qc6 19. Qa3 e6 20. Rdf1 Rc7 21. e5 a5 22. e4 a4 23. Rd3 b5 24. d5 Qc5+ 25. Kh1 Qxa3 26. Rxa3 Bxe5 27. Rb1 Rfc8 28. Ne2 Rc4 29. dxe6 fxe6 30. g3 Rxe4 31. Ng1 Rc5 32. Nf3 Re2 33. Rd3 Rxa2 34. Ng5 Rd5 35. Rxd5 exd5 36. Rxb5 Bf6 37. Rb8+ Kg7 38. Ne6+ Kh6 39. h4 a3 40. Ra8 Kh5 41. Nf4+ Kg4 42. Nxd5 Kxg3 43. Nxf6 Ra1# 0-1

[Event "Calvi Balagne op 03rd"]
[Site "Calvi"]
[Date "2006.02.20"]
[Round "2"]
[White "Bigonnet, Jean Michel"]
[Black "Hazarabedian, Guy"]
[Result "0-1"]
[WhiteElo "1730"]
[BlackElo "1580"]
[PlyCount "128"]
[EventDate "2006.02.19"]
[EventType "swiss"]
[EventRounds "9"]
[EventCountry "FRA"]
[SourceTitle "CBM 110 Extra"]
[Source "ChessBase"]
[SourceDate "2006.03.10"]
[SourceVersion "2"]
[SourceVersionDate "2006.03.10"]
[SourceQuality "1"]

1. e4 Nc6 2. d4 e5 3. d5 Nce7 4. c4 Ng6 5. Nc3 Bb4 6. Bd2 Nf6 7. Qc2 d6 8. Qa4+ Nd7 9. Qxb4 0-0 10. Qb3 Nc5 11. Qd1 f5 12. Qc2 fxe4 13. b4 Bf5 14. g4 Nd3+ 15. Bxd3 exd3 16. Qd1 Bd7 17. Be3 Qh4 18. h3 Nf4 19. Bxf4 Rxf4 20. Qd2 Raf8 21. 0-0-0 Bxg4 22. hxg4 Qxh1 23. Nge2 Qxd1+ 24. Nxd1 dxe2 25. Qxe2 Rd4 26. Nc3 Rff4 27. a3 Rxc4 28. Kb2 Rxg4 29. Nd1 Rgf4 30. Qh5 g6 31. Qh3 Rf5 32. Qg3 Rcf4 33. Ka2 Kf7 34. Kb1 h5 35. Ne3 Rf6 36. Qh3 Kg7 37. Nd1 Kh6 38. Qe3 g5 39. Qxa7 h4 40. Qe3 Rf3 41. Qe1 Rxa3 42. Ne3 Kg6 43. Nc2 Raf3 44. Ne3 h3 45. Qh1 Kh5 46. Kc1 g4 47. Nd1 R6f4 48. Qe1 Rc4+ 49. Kb2 Kh4 50. Qd2 Rcf4 51. Qc2 e4 52. Qxc7 Rxf2+ 53. Nxf2 Rxf2+ 54. Kc3 h2 55. Qh7+ Kg3 56. Kd4 Rf4 57. Qh6 Rf6 58. Qxf6 h1Q 59. Qxd6+ Kf2 60. Qf4+ Qf3 61. Qh2+ Kf1 62. d6 e3 63. Qc2 e2 64. Qb1+ e1Q 0-1